| 000 | 00418nam a2200157Ia 4500 | ||
|---|---|---|---|
| 008 | 210210b1979 xxu||||| |||| 00| 0 eng d | ||
| 082 | _a547 FERT | ||
| 100 | _aFERGUSON (Lloyd). | ||
| 245 | _aText Book of organic chemistry.Ed 2. | ||
| 250 | _a | ||
| 260 |
_aN D _bAffiliated East-West Prees Pvt. Ltd. _c1979 |
||
| 300 | _axii,755 | ||
| 650 | _aOrganic chemistry | ||
| 690 | _aOrganic Chemistry | ||
| 906 | _aCC00293 | ||
| 999 |
_c109204 _d109204 |
||